| 000 | 00915cam a2200229 4500 | ||
|---|---|---|---|
| 001 | 2180143 | ||
| 005 | 19920608093243.4 | ||
| 008 | 690911s1969 nyua | b 001 0 eng d | ||
| 010 | _a 69018621 | ||
| 020 | _a030785359 | ||
| 040 |
_aDLC _cDLC _dDLC |
||
| 050 | 0 | 0 |
_aJK271 _b.M66 |
| 082 | 0 | 0 |
_a320.973 _bMON |
| 100 | 1 |
_aMonsma, Stephen V., _d1936- _910544 |
|
| 245 | 1 | 0 |
_aAmerican Politics : _bA Systems Approach / _c[by] Stephen V. Monsma. |
| 260 |
_aNew York : _bHolt, Rinehart and Winston, _cc1969. |
||
| 300 |
_axiv, 399 p. : _billus. ; _c25 cm. |
||
| 504 | _aIncludes bibliographical references and index. | ||
| 651 | 0 |
_aUnited States _xPolitics and government _y1945-1989. _910545 |
|
| 942 |
_2ddc _cBB |
||
| 999 |
_c13179 _d13179 |
||